The Facts of Life - Characters - Statistics

General Stats
  • This quiz has been taken 62 times
  • The average score is 9 of 15
Answer Stats
Hint Answer % Correct
An honour student from the Bronx. Jo
100%
"I've just had another one of my brilliant ideas!" Blair
98%
Who wore roller skates for the entire first season? Tootie
98%
Lost her virginity in a controversial episode. Natalie
95%
Was the Drummond's housekeeper before becoming House Mother and Dietician at Eastland. Mrs. Garrett
88%
Her character was cut after the first season but her portrayer would become a big eighties star. Molly
67%
Handiman who left with Cinnamon to be a roadie. George
60%
Was adopted by Mrs. Garrett's sister when his foster parents moved away. Andy
51%
A tomboy who thought she might be a lesbian. Cindy
51%
Wore a shirt that said "I don't have cerebral palsy - I'm drunk" Geri
49%
Dated the offscreen Roger for years and last seen pregnant with his child. Nancy
42%
Terrible driver with a winnebago. Beverly-Ann
40%
Defiantly smoked a joint. Sue Ann
40%
Australian exchange student who attended Eastland. Pippa
37%
Shoplifted from Edna's Edibles to get to know the girls better. Kelly
19%
No matching quizzes found
Score Distribution
Percent of People with Each Score
Percentile by Number Answered
Your Score History
You have not taken this quiz